00345nam a22001337a 4500003000500000005001700005008004100022040000600063082001600069100003400085245006400119260001900183300000900202CEME20210628202355.0210302b xxu||||| |||| 00| 0 eng d c. a620.118 COM aPapirno, Ralph Chait, Richard aCompression testing of homogeneous materials and composites aUSbASTMc1983 a293P